Communication skills in english for public / (Record no. 41431)

MARC details
000 -LEADER
fixed length control field 00663nam a22001937a 4500
005 - DATE AND TIME OF LATEST TRANSACTION
control field 20100812154831.0
010 ## - LCCN (DPL NO)
LC control number ENG-99939
020 ## - INTERNATIONAL STANDARD BOOK NUMBER
Terms of availability 30.00
035 ## - SYSTEM CONTROL NUMBER
System control number EN-83471
037 ## - SOURCE OF ACQUISITION
Source of stock number/acquisition DBAD/PUB
082 ## - DEWEY DECIMAL CLASSIFICATION NUMBER
Classification number 485
100 ## - MAIN ENTRY--PERSONAL NAME
Personal name Chary, Pulletikurti Eswara
245 ## - TITLE STATEMENT
Title Communication skills in english for public /
Statement of responsibility, etc by Pulletikurti Eswara Chary
260 ## - PUBLICATION, DISTRIBUTION, ETC. (IMPRINT)
Place of publication, distribution, etc Vijayawada
Name of publisher, distributor, etc Navaratna Book House
Date of publication, distribution, etc 2008
270 ## - ADDRESS
Address 28-22-20 Rahiman Street Arundel Pet
City Vijayawada
Postal code 520002
300 ## - PHYSICAL DESCRIPTION
Extent 77p
Dimensions 21cm(pbk)
942 ## - ADDED ENTRY ELEMENTS (KOHA)
Source of classification or shelving scheme Dewey Decimal Classification
Item type English Books
Classification part 485
Call number suffix CHA
Holdings
Withdrawn status Lost status Not for loan Collection code Home library Current library Date acquired Source of acquisition Cost, normal purchase price Full call number Barcode Copy number Cost, replacement price Koha item type
    Not For Loan Non-fiction D.B.Act.Division D.B.Act.Division 12/08/2010 DBAD/PUB 30.00 485 CHA EN-83471 1 30.00 English Books

© Delhi Public Library
Hit Counter
free hit counter